000 00966 a2200229 4500
005 20260303111724.0
008 260303b |||||||| |||| 00| 0 eng d
020 _a9788173094958 (hbk)
037 _cTB
040 _aCRL
_cCRL
041 _2hin
_ahin
084 _aO152,3x R3
_qCRL
100 _aजोशी, हिमांशु
_9862616
245 _aश्रेष्ठ कहानियाँ
260 _bसस्ता साहित्य मण्डल प्रकाशन,
_c2023.
_aनई दिल्ली, भारत:
300 _a232पृ.
365 _b180.00
_cINR
650 _aहिन्दी कहानी
650 _aहिन्दी साहित्य
942 _cTB
_2CC
_hO152,3x R3
999 _c1467125
_d1467125